Online
Catalog

Cómo terminan las democracias / (Record no. 25233)

MARC details
000 -CABECERA
campo de control de longitud fija 00891cam a2200253 a 4500
001 - NÚMERO DE CONTROL
campo de control 000025741
005 - FECHA Y HORA DE LA ÚLTIMA TRANSACCIÓN
campo de control 20240406073830.0
008 - DATOS DE LONGITUD FIJA--INFORMACIÓN GENERAL
campo de control de longitud fija 760831s1983 sp 000 | spa d
020 ## - NÚMERO INTERNACIONAL ESTÁNDAR DEL LIBRO
Número Internacional Estándar del Libro 843207859X
040 ## - FUENTE DE LA CATALOGACIÓN
Centro catalogador/agencia de origen DO-SdBNP
Lengua de catalogación spa
Centro/agencia transcriptor BNPHU
082 ## - NÚMERO DE LA CLASIFICACIÓN DECIMAL DEWEY
Número de clasificación 321.8
Número de documento/Ítem R449c
100 1# - ENTRADA PRINCIPAL--NOMBRE DE PERSONA
Nombre de persona Revel, Jean-François ,
9 (RLIN) 20797
245 10 - MENCIÓN DE TÍTULO
Título Cómo terminan las democracias /
Mención de responsabilidad, etc. Jean-François Revel ; con la colaboración de Branko Lazitch ; traducción del francés Mauro Armiño.
260 ## - PUBLICACIÓN, DISTRIBUCIÓN, ETC.
Lugar de publicación, distribución, etc. Barcelona :
Nombre del editor, distribuidor, etc. Planeta,
Fecha de publicación, distribución, etc. 1983.
300 ## - DESCRIPCIÓN FÍSICA
Extensión 353 p. ;
Dimensiones 21 cm.
490 1# - MENCIÓN DE SERIE
Mención de serie La Sociedad Económica
500 ## - NOTA GENERAL
Nota general Incluye refencia bibliográficas y notas al pie de páginas
500 ## - NOTA GENERAL
Nota general incluye índice onomástico
650 #0 - PUNTO DE ACCESO ADICIONAL DE MATERIA--TÉRMINO DE MATERIA
Término de materia o nombre geográfico como elemento de entrada Democracia
9 (RLIN) 286
650 #4 - PUNTO DE ACCESO ADICIONAL DE MATERIA--TÉRMINO DE MATERIA
Término de materia o nombre geográfico como elemento de entrada Comunismo
9 (RLIN) 2880
700 1# - PUNTO DE ACCESO ADICIONAL--NOMBRE DE PERSONA
Nombre de persona Armiño, Mauro,
Término indicativo de función/relación tr.
9 (RLIN) 13314
700 1# - PUNTO DE ACCESO ADICIONAL--NOMBRE DE PERSONA
Nombre de persona Lazitch, Branko,
Término indicativo de función/relación col.
9 (RLIN) 52541
830 #0 - PUNTO DE ACCESO ADICIONAL DE SERIE-TÍTULO UNIFORME
Título uniforme La Sociedad Económica
9 (RLIN) 52542
Holdings
Estado de retiro Estado de pérdida Restricciones de uso No para préstamo Código de colección Localización permanente Ubicación/localización actual Ubicación en estantería Fecha de adquisición Número de inventario Total de préstamos Signatura topográfica completa Código de barras Fecha visto por última vez Precio válido a partir de Tipo de ítem Koha Número de copia
      Excluido de préstamo Monografías: Libros y Folletos General General Depósito 21.02.2011 LF1   321.8 R449c 25741-10 25.06.2020 25.06.2020 No se presta  
  Extraviado   Excluido de préstamo Monografías: Libros y Folletos General General Extraviado 06.06.2017 LF1   321.8 R449c 25741-20 25.06.2020 25.06.2020 No se presta e. 2

Powered by Koha